Byzantine empire (Record no. 433021)

000 -LEADER
fixed length control field 00371cam a22001457a 4500
008 - FIXED-LENGTH DATA ELEMENTS--GENERAL INFORMATION
fixed length control field 180718b xxu||||| |||| 00| 0 eng d
082 ## - DEWEY DECIMAL CLASSIFICATION NUMBER
Classification number A6x495 Om1
100 ## - MAIN ENTRY--PERSONAL NAME
Personal name Oman, C.W.C.
245 ## - TITLE STATEMENT
Title Byzantine empire
Statement of responsibility, etc. by C.W.C. Oman
250 ## - EDITION STATEMENT
Edition statement 3rd ed.
260 ## - PUBLICATION, DISTRIBUTION, ETC.
Place of publication, distribution, etc. London
Name of publisher, distributor, etc. T. Fisher Unwin
Date of publication, distribution, etc.
300 ## - PHYSICAL DESCRIPTION
Extent 364p.
500 ## - GENERAL NOTE
General note The Story of the nation
650 ## - SUBJECT ADDED ENTRY--TOPICAL TERM
Topical term or geographic name entry element Byzantine Empire
Holdings
Withdrawn status Lost status Damaged status Not for loan Permanent Location Current Location Date acquired Full call number Barcode Date last seen Price effective from Koha item type
        Indian Institute of Public Administration Indian Institute of Public Administration 2010-02-05 A6x495 Om1 A600 2018-07-21 2018-07-21 A

Powered by Koha